| 000 | 00456nam a2200133Ia 4500 | ||
|---|---|---|---|
| 008 | 250506s9999 xx 000 0 und d | ||
| 024 | _a15B-111-SE, 15B-098-SE, 15B-085-SE & 15B-117-SE | ||
| 082 | _a006.2587 SHO | ||
| 100 | _aShoaib Ur Rehman, Zunair Khan, Muhammad Walid & Muhammad Ahmer Khan | ||
| 245 | 0 | _aBlood Donation Application | |
| 260 |
_aKarachi: _bUIT, _c2005 |
||
| 600 | _aSoftware Engineering | ||
| 650 | _aBachelor of Computer Science (BS) | ||
| 999 |
_c28208 _d28208 |
||